A study on the factors affecting the profitability of cultivating ornamental plants in Laguna and Cavite / (Record no. 96133)
[ view plain ]
| 000 -LEADER | |
|---|---|
| fixed length control field | 00962nam a2200217 a 4500 |
| 003 - CONTROL NUMBER IDENTIFIER | |
| control field | 0 |
| 005 - DATE AND TIME OF LATEST TRANSACTION | |
| control field | 20250616113822.0 |
| 008 - FIXED-LENGTH DATA ELEMENTS--GENERAL INFORMATION | |
| fixed length control field | 021114s19uu xx 00 eng d |
| 050 ## - LIBRARY OF CONGRESS CALL NUMBER | |
| Classification number | PGS HD 9017.P5 |
| Item number | .L358 1999 |
| 100 ## - MAIN ENTRY--PERSONAL NAME | |
| Personal name | Latorre, Reyda Zuleikha Ramel. |
| 245 ## - TITLE STATEMENT | |
| Title | A study on the factors affecting the profitability of cultivating ornamental plants in Laguna and Cavite / |
| Statement of responsibility, etc | Reyda Zuleikha Ramel Latorre. |
| 260 ## - PUBLICATION, DISTRIBUTION, ETC. (IMPRINT) | |
| Place of publication, distribution, etc | Las Piñas City, Philippines : |
| Name of publisher, distributor, etc | Southville International School and Colleges, |
| Date of publication, distribution, etc | 1999. |
| 300 ## - PHYSICAL DESCRIPTION | |
| Extent | 58 pages : |
| Other physical details | colored illustrations ; |
| Dimensions | 28 cm. |
| 504 ## - BIBLIOGRAPHY, ETC. NOTE | |
| Bibliography, etc | Includes bibliographical references. |
| 650 ## - SUBJECT ADDED ENTRY--TOPICAL TERM | |
| Topical term or geographic name as entry element | Ornamental horticulture |
| Form subdivision | Economic aspects |
| Geographic subdivision | Philippines. |
| 650 ## - SUBJECT ADDED ENTRY--TOPICAL TERM | |
| Topical term or geographic name as entry element | Ornamental plants |
| Form subdivision | Cultivation |
| Geographic subdivision | Philippines |
| -- | Laguna. |
| 650 ## - SUBJECT ADDED ENTRY--TOPICAL TERM | |
| Topical term or geographic name as entry element | Ornamental plants |
| Form subdivision | Cultivation |
| Geographic subdivision | Philippines |
| -- | Cavite. |
| 650 ## - SUBJECT ADDED ENTRY--TOPICAL TERM | |
| Topical term or geographic name as entry element | Plant growing |
| Form subdivision | Economic aspects |
| -- | Small-scale farming. |
| 650 ## - SUBJECT ADDED ENTRY--TOPICAL TERM | |
| Topical term or geographic name as entry element | Agriculture |
| Form subdivision | Profitability. |
| 942 ## - ADDED ENTRY ELEMENTS (KOHA) | |
| Source of classification or shelving scheme | Library of Congress Classification |
| Koha item type | PASS |
| Withdrawn status | Lost status | Source of classification or shelving scheme | Damaged status | Home library | Current library | Shelving location | Date acquired | Source of acquisition | Total Checkouts | Full call number | Barcode | Date last seen | Price effective from | Koha item type |
|---|---|---|---|---|---|---|---|---|---|---|---|---|---|---|
| Library of Congress Classification | Luxembourg Library | Luxembourg Library | Portfolio Assessment of SISC Students Section | 11/14/2002 | Donation | PGS HD 9017.P5 .L358 1999 | P0046 | 04/08/2014 | 04/08/2014 | PASS |